India's international trade and economic reforms (Record no. 402288)

000 -LEADER
fixed length control field 00478cam a22001577a 4500
008 - FIXED-LENGTH DATA ELEMENTS--GENERAL INFORMATION
fixed length control field 180718b2004 xxu||||| |||| 00| 0 eng d
020 ## - INTERNATIONAL STANDARD BOOK NUMBER
International Standard Book Number 817391625X
082 ## - DEWEY DECIMAL CLASSIFICATION NUMBER
Classification number T39x54 P886i
100 ## - MAIN ENTRY--PERSONAL NAME
Personal name Prasad, Narendra
245 ## - TITLE STATEMENT
Title India's international trade and economic reforms
Statement of responsibility, etc. by Narendra Prasad
260 ## - PUBLICATION, DISTRIBUTION, ETC.
Place of publication, distribution, etc. New Delhi
Name of publisher, distributor, etc. Kanishka
Date of publication, distribution, etc. 2004
300 ## - PHYSICAL DESCRIPTION
Extent 206p.
650 ## - SUBJECT ADDED ENTRY--TOPICAL TERM
Topical term or geographic name entry element India - Economic conditions
650 ## - SUBJECT ADDED ENTRY--TOPICAL TERM
Topical term or geographic name entry element India - Foreign economic relations
650 ## - SUBJECT ADDED ENTRY--TOPICAL TERM
Topical term or geographic name entry element International trade
Holdings
Withdrawn status Lost status Damaged status Not for loan Permanent Location Current Location Date acquired Full call number Barcode Date last seen Price effective from Koha item type
        Indian Institute of Public Administration Indian Institute of Public Administration 2004-04-01 T39x54 P886i 79106 2018-07-21 2018-07-21 Book

Powered by Koha